000
00286nam a22001217a 4500
008
140321t xxu||||| |||| 00| 0 eng d
020
_a
81-265-0930-9
100
_a
Eric E. Conn
_9
805
245
_a
Outlines of Biochemistry
250
_a
Fifth Edition
300
_a
693 p.
942
_2
ddc
_c
BK
999
_c
17055
_d
17055